Иммануил Кант (Запись № 4690104)

Подробности
000 -МАРКЕР
контрольное поле 01784nam0a2200361 i 4500
001 - ИДЕНТИФИКАТОР ЗАПИСИ
контрольное поле RU\NLR\bibl\2077238
005 - ИДЕНТИФИКАТОР ВЕРСИИ
контрольное поле 20260503055819.0
010 ## - МЕЖДУНАРОДНЫЙ СТАНДАРТНЫЙ НОМЕР КНИГИ (ISBN)
Номер (ISBN) 9785997102500
Тираж 1000
021 ## - НОМЕР ГОСУДАРСТВЕННОЙ РЕГИСТРАЦИИ
Код страны Российская Федерация
Номер 2013-67555
Номер Листа государственной регистраци 4625
035 ## - ДРУГИЕ СИСТЕМНЫЕ НОМЕРА
Идентификатор записи (NLR Aleph) 002062879
100 ## - ДАННЫЕ ОБЩЕЙ ОБРАБОТКИ
Данные общей обработки 20131001d2013 u y0rusy50 ca
101 0# - ЯЗЫК РЕСУРСА
Язык текста, звукозаписи и т.д. русский
-- немецкий
Язык оглавления немецкий
-- русский
102 ## - СТРАНА ПУБЛИКАЦИИ ИЛИ ПРОИЗВОДСТВА
Страна публикации Российская Федерация
105 ## - ПОЛЕ КОДИРОВАННЫХ ДАННЫХ: ТЕКСТОВЫЕ МАТЕРИАЛЫ, МОНОГРАФИЧЕСКИЕ
Кодированные данные о монографическом текстовом документе a |||||||||
200 1# - ЗАГЛАВИЕ И СВЕДЕНИЯ ОБ ОТВЕТСТВЕННОСТИ
Основное заглавие Иммануил Кант
Параллельное заглавие Immanuel Kant
Сведения, относящиеся к заглавию [биография]
Первые сведения об ответственности И.С. Кузнецова
Последующие сведения об ответственности Балт. федер. ун-т им. Иммануила Канта, Калинингр. рег. обществ. Кантов. фонд
Язык параллельного заглавия немецкий
205 ## - СВЕДЕНИЯ ОБ ИЗДАНИИ
Сведения об издании 2-е изд., испр. и доп.
210 ## - ПУБЛИКАЦИЯ, РАСПРОСТРАНЕНИЕ И ДР.
Место издания, распространения и т.д. Калининград
Имя издателя, распространителя и т. д. Изд-во Балтийского федерального университета
Дата издания, распространения и т.д. 2013
215 ## - ФИЗИЧЕСКАЯ ХАРАКТЕРИСТИКА
Специфическое обозначение материала и объем 222 с., [6] л. цв. ил.
Размеры 17
300 ## - ОБЩИЕ ПРИМЕЧАНИЯ
Текст примечания Авт. также на нем. яз.: I. Kuznezova
300 ## - ОБЩИЕ ПРИМЕЧАНИЯ
Текст примечания Текст парал. на нем. и рус. яз.
510 1# - ПАРАЛЛЕЛЬНОЕ ЗАГЛАВИЕ
Связь между полями z77790
Параллельное заглавие Immanuel Kant
Язык заглавия немецкий
600 #1 - ИМЯ ЛИЦА КАК ПРЕДМЕТ
Начальный элемент ввода Кант
Часть имени, кроме начального элемента ввода И.
Даты 1724 - 1804
Расширение инициалов личного имени Иммануил
Системный номер авторитетной/нормативной записи 1013611
Идентификатор авторитетной/нормативной записи RU\NLR\AUTH\6668608
686 1# - ИНДЕКСЫ ДРУГИХ КЛАССИФИКАЦИЙ
Индекс Ю3(4Г)5-563.1
700 #1 - ИМЯ ЛИЦА - ПЕРВИЧНАЯ ОТВЕТСТВЕННОСТЬ
Код отношения Автор
Графика поля Кириллица
Материалы, к которым относится поле rus
Начальный элемент ввода Кузнецова
Часть имени, кроме начального элемента ввода И. С.
Дополнения к именам, кроме дат д-р филос. наук
Даты 1948-
Расширение инициалов личного имени Ирина Сергеевна
Системный номер авторитетной/нормативной записи 101091
Идентификатор авторитетной/нормативной записи RU\NLR\auth\77118166
702 #1 - ИМЯ ЛИЦА - ВТОРИЧНАЯ ОТВЕТСТВЕННОСТЬ
Код отношения Прочие
Графика поля Кириллица
Материалы, к которым относится поле rus
Начальный элемент ввода Кант
Часть имени, кроме начального элемента ввода И.
Даты 1724-1804
Расширение инициалов личного имени Иммануил
Системный номер авторитетной/нормативной записи 112332
Идентификатор авторитетной/нормативной записи RU\NLR\auth\772317
790 #1 - ИМЯ ЛИЦА - АЛЬТЕРНАТИВНАЯ ФОРМА
Код отношения Автор
Графика поля Латинская
Материалы, к которым относится поле rus
Начальный элемент ввода Kuznecova
Часть имени, кроме начального элемента ввода I. S.
Дополнения к именам, кроме дат д-р филос. наук
Даты 1948-
Расширение инициалов личного имени Irina Sergeevna
Системный номер авторитетной/нормативной записи 132114
Идентификатор авторитетной/нормативной записи RU\NLR\AUTH\770132148
801 #0 - ИСТОЧНИК ЗАПИСИ
Страна Российская Федерация
Организация NLR
Дата составления 20131001
Правила каталогизации RCR
801 #1 - ИСТОЧНИК ЗАПИСИ
Страна Российская Федерация
Организация NLR
Дата составления 20131001
942 ## - ДОПОЛНИТЕЛЬНЫЕ ЭЛЕМЕНТЫ ЗАПИСИ (АБИС)
Тип экземпляра АБИС Книга
980 ## - КОЛЛЕКЦИЯ
Название коллекции НБР

Нет доступных экземпляров.